[Event "Cannes op"]
[Site "Cannes"]
[Date "1996.??.??"]
[Round "6"]
[White "Claverie, Christophe"]
[Black "Brumen, Dinko"]
[Result "1-0"]
[WhiteElo "2325"]
[BlackElo "2335"]

1.e4 c5 2.Nf3 Nc6 3.Bb5 g6 4.O-O Bg7 5.Re1 Nf6 6.Bxc6 dxc6 7.d3 O-O 8.Nc3 b6
9.a4 Qc7 10.h3 Rd8 11.Qe2 e5 12.b3 a5 13.Nd2 Nh5 14.Nc4 Nf4 15.Qf3 Ne6 16.Qd1 Rb8
17.Be3 Qe7 18.Qd2 Qh4 19.Ne2 f5 20.f3 f4 21.Bf2 Qf6 22.Red1 g5 23.Kf1 h5
24.Ng1 Qh6 25.Qc3 Bf6 26.Ke2 g4 27.hxg4 hxg4 28.fxg4 Nd4+ 29.Bxd4 cxd4 30.Qe1 Bxg4+
31.Nf3 Rd7 32.Kd2 Rc7 33.Kc1 Qg7 34.Kb2 b5 35.Nd6 Be7 36.Nf5 Bxf5 37.exf5 Bb4
38.Qh4 Bc3+ 39.Ka2 Bxa1 40.f6 Qg3 41.Qh5 bxa4 42.Rh1 axb3+ 43.Kxa1 Rcb7 44.Ng5 Qe1+
45.Rxe1 bxc2 46.Qg6+  1-0

[Event "Cannes Martinez op"]
[Site "Cannes"]
[Date "1996.??.??"]
[Round "8"]
[White "Sebban, Jean Paul"]
[Black "Corrigan, Francis"]
[Result "1-0"]
[WhiteElo "2120"]
[BlackElo "2060"]

1.e4 c5 2.Nf3 Nc6 3.Bb5 g6 4.O-O Bg7 5.Re1 Qb6 6.Bxc6 Qxc6 7.Nc3 d6 8.h3 e5
9.a3 Ne7 10.b4 O-O 11.bxc5 dxc5 12.Bb2 f6 13.Qe2 a6 14.a4 b6 15.Qe3 Be6 16.Ba3 Rfc8
17.Qe2 Bf8 18.Reb1 Rcb8 19.Nh2 Bg7 20.Ng4 Bxg4 21.hxg4 Rd8 22.Ra2 Bf8 23.Bc1 Bh6
24.Rab2 Rdb8 25.Qc4+ Kg7 26.Rb3 Ra7 27.d3 Bxc1 28.Rxc1 Qd6 29.Rcb1 Qc6 30.Nd5 Nxd5
31.exd5 Qd6 32.Qe4 Rd7 33.c4 a5 34.Rb5 Rf7 35.f4 Re7 36.f5 g5 37.R1b2 Kg8
38.Kf2 Rbb7 39.Rb1 Rb8 40.Re1 Rbb7 41.Qf3 Rbc7 42.Re4 Rb7 43.Qg3 Red7 44.Kf3 Kf8
45.Re1 Re7 46.Ke4 Re8 47.Reb1 Reb8 48.Qh2 Kg8 49.R1b2 Rd7 50.Qh5 Rf7 51.g3 Kf8
52.Qh6+ Kg8 53.Qh1 Rfb7 54.Qb1 Qc7 55.Rh2 Qe7 56.Qa2 Qd6 57.Rb1 Re7 58.Qb3 Reb7
59.Qb5 Rc8 60.Rhb2 Qd8 61.Qa6 Rcb8 62.Rb5 Qc7 63.R5b2 Qd8 64.Rh1 Kh8 65.Rh6 Kg8
66.Qb5 Rc7 67.Rbh2 Rbb7 68.Rh1 Qf8 69.R1h5 Rb8 70.Kf3 Qd8 71.Qb1 Rg7 72.Qh1 Rbb7
73.Rg6 Kf8 74.Rxg7 Rxg7 75.Rxh7 Rxh7 76.Qxh7 Qd6 77.Qb7 e4+ 78.dxe4 Qe5 79.Qxb6 Qc3+
80.Kg2 Qd2+ 81.Kh3 Qd4 82.e5 Qa1 83.Qxc5+ Kg8 84.Qc8+ Kh7 85.Qb7+ Kh6 86.d6 Qf1+
87.Kh2 Qxc4 88.exf6 Qc2+ 89.Qg2 Qxa4 90.Qh3+  1-0

[Event "Cannes Martinez op"]
[Site "Cannes"]
[Date "1996.??.??"]
[Round "9"]
[White "Brochet, Philippe"]
[Black "Spiridonov, Nikola"]
[Result "1/2-1/2"]
[WhiteElo "2275"]
[BlackElo "2405"]

1.e4 c5 2.Nf3 Nc6 3.Bb5 e6 4.c3 Nge7 5.O-O d5 6.exd5 Qxd5 7.d4 cxd4 8.c4 Qd6
9.Nxd4 Bd7 10.Be3 Nxd4 11.Bxd7+ Qxd7 12.Qxd4 Qxd4 13.Bxd4 Nf5 14.Bc3 O-O-O
15.Nd2 Nd4 16.Rae1 Be7 17.Ne4 Rd7 18.Ng3 Rhd8 19.b3 g6 20.Kh1 h5 21.h3 b6
22.Ne2 Nxe2 23.Rxe2 Rd3 24.Rc2 h4 25.a4 Rd1 26.Rc1 Rxf1+ 27.Rxf1 Rd3 28.Rc1 Ba3
29.Ra1 Bc5 30.Be1 Rxb3 31.a5 g5 32.f4 Be7 33.fxg5 Bxg5 34.Bf2 bxa5 35.Bxa7 a4
36.Kg1 Be7 37.Rxa4 Rc3 38.c5 Bxc5+ 39.Bxc5 Rxc5 40.Rxh4 Kd7 41.Ra4 Kd6 42.g4 Rc2
43.Rf4 Rc7 44.g5 e5 45.Rf6+ Kd5 46.h4 Rc4 47.Rxf7 Rxh4 48.Kf2 Rg4 49.Rg7 Ke4
50.g6 Rg5 51.Rg8 Rg4 52.g7 Rg5 53.Kf1 Rf5+ 54.Ke2 Rf7 55.Ke1 Rd7 56.Ke2 Kd4
57.Kd2  1/2-1/2

[Event "Cannes Martinez op"]
[Site "Cannes"]
[Date "1996.??.??"]
[Round "9"]
[White "Golubovic, Boris"]
[Black "Afek, Yochanan"]
[Result "1-0"]
[WhiteElo "2420"]
[BlackElo "2355"]

1.e4 c5 2.Nf3 Nc6 3.Bb5 g6 4.O-O Bg7 5.Re1 e5 6.c3 Nge7 7.d4 cxd4 8.cxd4 exd4
9.Na3 O-O 10.Bg5 Qb6 11.Qd2 d6 12.Qf4 Be6 13.Bf6 h6 14.h4 Rac8 15.Bf1 Qxb2
16.Nb5 Bxa2 17.Nxd6 Rcd8 18.Bxg7 Kxg7 19.e5 Nd5 20.Qg3 Nc3 21.h5 Be6 22.Bd3 Rg8
23.hxg6 Kf8 24.Qh4 Ne7 25.Nxd4 Bd5 26.N4f5  1-0

[Event "EU-ch Rapid-30'"]
[Site "Cap d`Agde"]
[Date "1996.??.??"]
[Round "?"]
[White "Glek, Igor V"]
[Black "Hracek, Zbynek"]
[Result "1/2-1/2"]
[WhiteElo "2670"]
[BlackElo "2625"]

1.e4 c5 2.Nf3 Nc6 3.Bb5 d6 4.O-O Bd7 5.Re1 a6 6.Bxc6 Bxc6 7.d4 cxd4 8.Qxd4 Nf6
9.Bg5 e6 10.Nc3 Be7 11.Rad1 O-O 12.Bxf6 Bxf6 13.Qxd6 Qa5 14.Qd2 Bxc3 15.Qxc3 Qxc3
16.bxc3 Rfc8 17.Rd4 Bb5 18.Re3 Rc5 19.e5 Kf8 20.Ng5 h6 21.Ne4 Rxe5 22.f4 Rd5
23.Rxd5 exd5 24.Nd6 Bc6 25.Nf5 Bd7 26.Nd4 Rc8 27.f5 Rc4 28.g4 Ra4 29.h4 f6
30.Kf2 Rxa2 31.Kg3 Ra4 32.g5 hxg5 33.hxg5 fxg5 34.Kg4 Ra1 35.Kxg5 a5 36.Re5 Bc6  1/2-1/2

[Event "Cappelle op"]
[Site "Cappelle la Grande "]
[Date "1996.??.??"]
[Round "1"]
[White "Kveinys, Aloyzas"]
[Black "Umanskaya, Irina"]
[Result "1-0"]
[WhiteElo "2500"]
[BlackElo "2320"]

1.e4 c5 2.Nf3 Nc6 3.Bb5 e6 4.O-O Nge7 5.Re1 Nd4 6.Nxd4 cxd4 7.c3 a6 8.Bf1 Nc6
9.d3 Bc5 10.Nd2 O-O 11.e5 Be7 12.Nf3 dxc3 13.bxc3 d6 14.exd6 Qxd6 15.d4 b5
16.Bd3 Bb7 17.Qe2 Qd5 18.a4 b4 19.c4 Qh5 20.d5 Nd8 21.Bb2 Bd6 22.Qd2 exd5
23.Be5 Bxe5 24.Rxe5 Qh6 25.Qxh6 gxh6 26.cxd5 Rc8 27.Nd4 Rc5 28.Nf5 Kh8 29.Rae1 Rxd5
30.Re8 Kg8 31.Ne7+ Kg7 32.Nxd5  1-0

[Event "Cappelle op"]
[Site "Cappelle la Grande "]
[Date "1996.??.??"]
[Round "2"]
[White "Pedzich, Dominik"]
[Black "Reinderman, Dimitri"]
[Result "1/2-1/2"]
[WhiteElo "2425"]
[BlackElo "2495"]

1.e4 c5 2.Nf3 Nc6 3.Bb5 g6 4.O-O Bg7 5.c3 e5 6.d4 cxd4 7.cxd4 exd4 8.Bf4 Nge7
9.Bd6 O-O 10.Nbd2 b6 11.Nb3 Bb7 12.Re1 Re8 13.Rc1 Nc8 14.Bf4 a6 15.Bc4 d6
16.Nfxd4 Nxd4 17.Nxd4 d5 18.Bb3 g5 19.Bg3 Nd6 20.Bxd6 Qxd6 21.Nf5 Qe5 22.Qh5 Qf6
23.h4 gxh4 24.Rc7 Rab8 25.e5 Qg6 26.Qxg6 hxg6 27.Nd6 Rxe5 28.Rec1 Bh6 29.Rxb7 Rxb7
30.Rc8+ Kg7 31.Nxb7 Bf4 32.Kf1 a5 33.Rd8 Bc1 34.Rxd5 Re7 35.Nd6 Bxb2 36.Nc8 Rc7
37.Nxb6 Rc1+ 38.Ke2 Rg1 39.Rg5 Kh6 40.Rg4 Kh5 41.Kf3 f5 42.Ra4 g5 43.Rxa5 g4+
44.Ke2 h3 45.gxh3 gxh3 46.Rxf5+ Kg6 47.Bc2 h2 48.Rd5+ Kf7 49.Be4 h1=Q 50.Bxh1 Rxh1
51.a4 Ra1 52.Kd3 Ke6 53.Kc4 Be5 54.a5 Ra2 55.f3 Bf4 56.Kb5 Bc1 57.Ka6 Ra3
58.Nc4 Kxd5 59.Nxa3 Kc5 60.Nb5 Kc4 61.Na3+ Kc5 62.Nc2 Bd2 63.Na1 Kc6 64.Nb3 Be3
65.f4 Bxf4 66.Nd4+ Kd5 67.Kb7 Be3 68.Nb5 Kc4 69.Nc7 Kb4 70.a6 Ka5 71.Nd5 Bg1  1/2-1/2

[Event "Cappelle op"]
[Site "Cappelle la Grande "]
[Date "1996.??.??"]
[Round "4"]
[White "Velicka, Petr"]
[Black "Ionov, Sergey"]
[Result "1/2-1/2"]
[WhiteElo "2420"]
[BlackElo "2515"]

1.e4 c5 2.Nf3 Nc6 3.Bb5 g6 4.Bxc6 dxc6 5.h3 e5 6.d3 f6 7.a4 Nh6 8.a5 Nf7
9.Nbd2 Bd6 10.b3 Be6 11.Nc4 Bc7 12.Bd2 O-O 13.Bc3 Qe7 14.Qe2 Bd7 15.O-O b5
16.axb6 axb6 17.Rxa8  1/2-1/2

[Event "WLS-ch"]
[Site "Cardiff"]
[Date "1996.??.??"]
[Round "3"]
[White "Dyce, Andrew"]
[Black "Richmond, Peter"]
[Result "1-0"]
[WhiteElo "2115"]
[BlackElo "2190"]

1.e4 c5 2.Nf3 Nc6 3.Bb5 e6 4.Bxc6 bxc6 5.e5 d6 6.exd6 Bxd6 7.d3 Ne7 8.O-O O-O
9.Nbd2 e5 10.Nc4 f6 11.Nfd2 Ng6 12.Nxd6 Qxd6 13.Ne4 Qd5 14.Qe2 Rd8 15.Nc3 Qf7
16.Be3 Be6 17.Bxc5 Nf4 18.Qf3 Qg6 19.Qg3 Qh5 20.Be3 Ne2+ 21.Nxe2 Qxe2 22.Rac1 Rd7
23.b3 Rad8 24.Rfe1 Qh5 25.a4 a6 26.Bb6 Re8 27.a5 Qg4 28.Qxg4 Bxg4 29.Re4 Bf5
30.Rb4 Rd5 31.Re1 Kf7 32.f3 h5 33.Kf2 g5 34.Re3 Bc8 35.Ke2 f5 36.d4 f4 37.Rxe5 Rexe5+
38.dxe5 Bf5 39.Rc4 Rxe5+ 40.Kd2 Bd7 41.Rd4 Be6 42.c4 Ke7 43.Bc7 Rf5 44.Kd3 Rf7
45.Bd8+  1-0

[Event "Catalunya-chT"]
[Site "Catalunya"]
[Date "1996.??.??"]
[Round "?"]
[White "Rahal, Michael"]
[Black "Gomez Jurado, Luis Alberto"]
[Result "1-0"]
[WhiteElo "2340"]
[BlackElo "2285"]

1.e4 c5 2.Nf3 Nc6 3.Bb5 Qc7 4.Nc3 a6 5.Bxc6 Qxc6 6.O-O Nf6 7.d4 Nxe4 8.Nxe4 Qxe4
9.Re1 Qc6 10.Ne5 Qd5 11.c4 Qd6 12.Qf3 Qf6 13.dxc5 Qxf3 14.Nxf3 e6 15.Be3 d6
16.cxd6 Bxd6 17.c5 Bc7 18.Rac1 Bd7 19.Nd4 O-O-O 20.c6 Bxc6 21.Nxc6 bxc6 22.Rxc6 Kb7
23.Rc4 Rd5 24.Rec1 Bd6 25.g3 Rd8 26.Kg2 Rd7 27.b4 Rc7 28.a4 Rxc4 29.Rxc4 Rd3
30.b5 axb5 31.axb5 Bc7 32.Rh4 h6 33.Rg4 g5 34.h4 f6 35.Ra4 Bb8 36.h5 f5 37.Rd4 Rxd4
38.Bxd4 e5 39.Bc5 e4 40.Bf8 Be5 41.Bxh6  1-0

[Event "Catalunya-chT"]
[Site "Catalunya"]
[Date "1996.??.??"]
[Round "?"]
[White "Mateu, Xavier"]
[Black "Oussama, Omar"]
[Result "1-0"]
[WhiteElo "2365"]
[BlackElo "2190"]

1.e4 c5 2.Nf3 Nc6 3.Bb5 g6 4.O-O Bg7 5.c3 Nf6 6.Re1 O-O 7.h3 e5 8.d4 cxd4
9.cxd4 d5 10.Bxc6 bxc6 11.exd5 e4 12.Ne5 cxd5 13.Nc3 Be6 14.b4 Nd7 15.Nxd7 Bxd7
16.Be3 Be6 17.Na4 Bd7 18.Nc5 Bb5 19.a4 Bc4 20.Qd2 Re8 21.Rab1 f5 22.b5 Qf6
23.Red1 Rec8 24.a5 g5 25.b6 axb6 26.Rxb6 Qf7 27.Bxg5 Qh5 28.Ne6 Rxa5 29.Nxg7 Kxg7
30.Rh6 e3 31.Bxe3 Qe2 32.Qxa5 Qxd1+ 33.Kh2 f4 34.Bxf4 Qxd4 35.Be3 Qe5+ 36.g3 Re8
37.Qd2 Qe4 38.Rh4 Qf5 39.Bd4+ Kg6 40.Qh6+ Kf7 41.Rf4  1-0

[Event "Catalunya-chT"]
[Site "Catalunya"]
[Date "1996.??.??"]
[Round "?"]
[White "Mateu, Xavier"]
[Black "Gomez Jurado, Luis Alberto"]
[Result "0-1"]
[WhiteElo "2365"]
[BlackElo "2285"]

1.e4 c5 2.Nf3 Nc6 3.Bb5 e5 4.c3 d6 5.d4 Bd7 6.O-O Be7 7.dxc5 dxc5 8.Qe2 Qc7
9.Bxc6 Bxc6 10.c4 Nf6 11.Nc3 O-O 12.Bg5 h6 13.Bxf6 Bxf6 14.Nd5 Bxd5 15.cxd5 c4
16.Rac1 b5 17.b3 Rac8 18.bxc4 bxc4 19.Rc3 Bg5 20.h4 Bf6 21.Rfc1 Qe7 22.Rxc4 Rxc4
23.Qxc4 Bxh4 24.d6 Qf6 25.Qd5 Qf4 26.Rc2 Bf6 27.d7 Qg4 28.Qb7 Kh7 29.Rc8 Bd8
30.Qd5 f6 31.a4 h5 32.a5 h4 33.Nh2 Qg5 34.Qd6 h3 35.g3 Qg6 36.Qxf8 Qxe4 37.Qh8+ Kxh8
38.Rxd8+ Kh7 39.Rh8+ Kg6 40.Rxh3 Qd3 41.g4 Qxd7 42.Ra3 Kf7 43.Kg2 Qd6 44.Ra1 Qd4
45.Rc1 Qd5+ 46.Nf3 Qxa5 47.g5 e4  0-1

[Event "Catalunya-chT"]
[Site "Catalunya"]
[Date "1996.??.??"]
[Round "?"]
[White "Mateu, Xavier"]
[Black "Collado Galarza, Jose"]
[Result "1/2-1/2"]
[WhiteElo "2365"]
[BlackElo "2280"]

1.e4 c5 2.Nf3 Nc6 3.Bb5 g6 4.O-O Bg7 5.c3 Nf6 6.Re1 O-O 7.h3 Qb6 8.Na3 a6
9.Bf1 e5 10.d4 cxd4 11.cxd4 exd4 12.e5 Ne8 13.Bf4 d6 14.Nc4 Qd8 15.Nxd6 Nxd6
16.exd6 Be6 17.Qa4 Bd5 18.Nd2 Qf6 19.Bg3 Rfe8 20.Bd3 h5 21.Ne4 Qd8 22.Rad1 Ne5
23.Bb1 f5 24.Nd2 Qxd6 25.Qxd4 Rad8 26.Qa4 Qc6 27.Qxc6 Nxc6 28.Rxe8+ Rxe8
29.Nf1 Nd4 30.Ne3 Be4 31.Bxe4 Rxe4 32.Bc7 f4 33.Nd5 f3 34.b3 Re2 35.Bb6 Ne6
36.gxf3 Rxa2 37.f4 Kf7 38.Kg2 Rb2 39.Rd3 Bh6 40.Kf3 Bf8 41.Ne3 Bc5 42.Bxc5 Nxc5
43.Rd5 Nxb3 44.Nc4 Rc2 45.Ne5+ Ke6 46.Rd8 a5 47.Re8+ Kd5 48.Rd8+ Kc5 49.Nxg6 a4
50.f5 Nd4+ 51.Ke4 Nc6 52.Ra8 b5 53.Nf4 Rc4+ 54.Ke3 Ne7 55.f6 Nf5+ 56.Kf3 Nh4+
57.Kg3 Nf5+  1/2-1/2

[Event "Catalunya-chT"]
[Site "Catalunya"]
[Date "1996.??.??"]
[Round "?"]
[White "Codina Garcia, Jose"]
[Black "Ferrer, Martin"]
[Result "0-1"]
[WhiteElo "2145"]
[BlackElo "2290"]

1.e4 c5 2.Nf3 Nc6 3.Bb5 e6 4.O-O Nge7 5.Re1 a6 6.Bf1 d5 7.exd5 Nxd5 8.d4 Nf6
9.Be3 cxd4 10.Nxd4 Nxd4 11.Bxd4 Be7 12.c4 Bd7 13.Nc3 O-O 14.Qd2 Bc6 15.Rad1 Qc7
16.h3 Rfe8 17.Qe3 Nd7 18.Bd3 Bf8 19.Ne4 e5 20.Bc3 f5 21.Nd2 e4 22.Bf1 f4
23.Qe2 Nf6 24.Bxf6 gxf6 25.Qg4+ Bg7 26.Nxe4 Kh8 27.Bd3 Rg8 28.Qh5 f5 29.Ng5 Bf6
30.Nf7+ Kg7 31.Bxf5 Qxf7 32.Qxh7+ Kf8 33.Qxf7+ Kxf7 34.Be6+ Kg7 35.Bxg8 Rxg8
36.Rd2  0-1

[Event "Ceske Budejovice op"]
[Site "Ceske Budejovice"]
[Date "1996.??.??"]
[Round "4"]
[White "Zolnierowicz, Krzysztof"]
[Black "Krylov, Stanislav"]
[Result "1-0"]
[WhiteElo "2360"]
[BlackElo "2210"]

1.e4 c5 2.Nf3 Nc6 3.Bb5 g6 4.O-O Bg7 5.c3 e5 6.d3 Nge7 7.Be3 d6 8.d4 cxd4
9.cxd4 O-O 10.d5 Nb8 11.Nfd2 f5 12.f3 Nd7 13.Nc3 Nf6 14.Be2 f4 15.Bf2 g5
16.Nc4 Ne8 17.Qb3 Rf6 18.Nxe5 dxe5 19.d6+ Be6 20.dxe7 Qxe7 21.Bc4 Bxc4 22.Qxc4+ Rf7
23.Bc5 Rc8 24.Bxe7 Rxc4 25.Bxg5 Nc7 26.Bh4 Bf8 27.Bf2 Bc5 28.Bxc5 Rxc5 29.Rac1 Ne6
30.Nd5 Ra5 31.a3 Nd4 32.Kf2 h5 33.Rc8+ Kg7 34.Rfc1 Nc6 35.g3 fxg3+ 36.hxg3 Ra4
37.Ke3 Kg6 38.f4 Ne7 39.f5+ Kh6 40.Rh8+ Kg7 41.f6+ Rxf6 42.Nxf6 Kxh8 43.Rc7 Ra6
44.Rxe7 Rxf6 45.Rxe5 Rb6 46.Rxh5+ Kg7 47.b4 Kg6 48.Rd5 Rc6 49.Rc5 Rd6 50.g4 Rd1
51.Rc7 Ra1 52.Rxb7 Rxa3+ 53.Kf4 a5 54.Rb6+ Kf7 55.bxa5 Rxa5 56.e5 Ra1 57.Rf6+ Ke7
58.Kf5 Rf1+ 59.Kg6 Re1 60.e6 Rg1 61.g5 Rh1 62.Rf2 Re1 63.Kh7 Rh1+ 64.Kg7 Kxe6
65.g6 Rg1 66.Kh7  1-0

[Event "Cetinje"]
[Site "Cetinje"]
[Date "1996.??.??"]
[Round "?"]
[White "Brajovic, Radovan"]
[Black "Manakova, Maria"]
[Result "1-0"]
[WhiteElo "2390"]
[BlackElo "2290"]

1.e4 c5 2.Nf3 Nc6 3.Bb5 g6 4.O-O Bg7 5.Re1 d6 6.c3 a6 7.Bxc6+ bxc6 8.e5 Nh6
9.Qa4 O-O 10.d4 cxd4 11.cxd4 c5 12.dxc5 dxc5 13.Be3 Rb8 14.Qc2 Bf5 15.Qc3 Rb7
16.h3 Qb8 17.Qc1 Bxb1 18.Rxb1 Nf5 19.Bxc5 Rc8 20.b4 a5 21.a3 axb4 22.axb4 Rb5
23.Qd1 Rd8 24.Qe2 Rd5 25.Red1 Rxd1+ 26.Rxd1 Rb7 27.Qe4 Bf8 28.e6 f6 29.Rd7 Rc7
30.Qd5 Kg7 31.g4 Nh6 32.g5  1-0

[Event "Ciego de Avila"]
[Site "Ciego de Avila"]
[Date "1996.??.??"]
[Round "5"]
[White "Moreno, Alejandro"]
[Black "Rodriguez, Pedro"]
[Result "1-0"]
[WhiteElo "2385"]
[BlackElo "2400"]

1.e4 c5 2.Nf3 Nc6 3.Bb5 g6 4.Bxc6 dxc6 5.h3 Bg7 6.d3 Nf6 7.Nc3 b6 8.Be3 Nd7
9.Qd2 h6 10.O-O-O e5 11.Nh2 Nf8 12.f4 exf4 13.Bxf4 Ne6 14.Be3 Nd4 15.Rdf1 Be6
16.Ng4 Qe7 17.Kb1 g5 18.Rf2 O-O-O 19.Rhf1 c4 20.Nf6 Qb4 21.Ncd5 Qxd2 22.Rxd2 cxd5
23.Bxd4 dxe4 24.dxe4 c3 25.Bxc3 Rxd2 26.Bxd2 Rd8 27.Kc1 Rd4 28.Bc3 Bc4 29.Rf3 Bxf6
30.Rxf6 Rxe4 31.Rxh6 Bf1 32.g4 Re3 33.Rf6 Bxh3 34.Rxf7 Kb8 35.Rg7 Bxg4 36.Rxg5 Bd7
37.Rg7 Kc8 38.Bd2 Re4 39.b3 Rg4 40.Rf7 Rg1+ 41.Kb2 Rg2 42.Be3 Re2 43.Bd4 Re6
44.a4 a6 45.c4 Rc6 46.Rg7 Be6 47.Kc3 b5 48.axb5 axb5 49.c5 Bd7 50.Kb4 Ra6
51.Be5 Re6 52.Bd6 Re3 53.Ka5 Rxb3 54.Kb6 Kd8 55.Rg8+ Be8 56.c6 Rc3 57.Bc5 Rh3
58.c7+ Kd7 59.Kb7  1-0

[Event "Capablanca mem-D"]
[Site "Cienfuegos"]
[Date "1996.??.??"]
[Round "2"]
[White "Lopez, C."]
[Black "Fierro Baquero, Martha Lorena"]
[Result "1-0"]
[WhiteElo "2370"]
[BlackElo "2165"]

1.e4 c5 2.Nf3 Nc6 3.Bb5 g6 4.O-O Bg7 5.c3 e5 6.d4 cxd4 7.cxd4 exd4 8.Bf4 Nge7
9.Bd6 O-O 10.Nbd2 a6 11.Bc4 b5 12.Bd5 Bb7 13.Nb3 h6 14.Nc5 Ra7 15.a4 b4 16.Rc1 Re8
17.Ba2 Nc8 18.Bg3 Ba8 19.Nh4 d6 20.Nd3 Qf6 21.f4 b3 22.Bxb3 Na5 23.e5 dxe5
24.fxe5 Qg5 25.Ba2 Nb6 26.e6 fxe6 27.Rc5  1-0

[Event "Capablanca mem-C"]
[Site "Cienfuegos"]
[Date "1996.??.??"]
[Round "5"]
[White "Ribeiro, Fernando"]
[Black "Hernandez, Tania"]
[Result "1-0"]
[WhiteElo "2325"]
[BlackElo "2240"]

1.e4 c5 2.Nf3 Nc6 3.Bb5 g6 4.Bxc6 bxc6 5.O-O Bg7 6.c3 Nh6 7.d4 cxd4 8.cxd4 f6
9.Nc3 Nf7 10.Re1 d6 11.h3 O-O 12.Bf4 Qa5 13.Qc2 Bd7 14.Rad1 Qh5 15.Qd3 g5
16.Bg3 Qg6 17.h4 h6 18.hxg5 fxg5 19.e5 Bf5 20.Qa6 d5 21.e6 Nd8 22.Na4 Nxe6
23.Qxc6 Nf4 24.Qxg6 Nxg6 25.Nc5 Bg4 26.Rd3 Rab8 27.Bxb8 Rxb8 28.b3 Nf4 29.Rd2 Bxf3
30.gxf3 Kf7 31.Kh2 Rb4 32.Red1 a5 33.Nd3 Nxd3 34.Rxd3 e6 35.Kg3 h5 36.f4 g4
37.f3 gxf3 38.Kxf3 Bf6 39.f5 exf5 40.Kf4 Kg6 41.Rg1+ Kf7 42.Kxf5 a4 43.Rc1 Rxd4
44.Rc7+ Ke8 45.Rxd4 Bxd4 46.Ke6 Kd8 47.Rd7+ Kc8 48.Rxd5 Bf2 49.Rxh5 axb3
50.axb3 Kb7 51.Kd5 Kb6 52.Kc4 Be3 53.Re5 Bf2 54.Re6+ Kb7 55.Kb5 Kc7 56.Re7+  1-0

[Event "Capablanca mem-D"]
[Site "Cienfuegos"]
[Date "1996.??.??"]
[Round "14"]
[White "Fandino, Roquelina"]
[Black "Lopez, C."]
[Result "0-1"]
[WhiteElo "2145"]
[BlackElo "2370"]

1.e4 c5 2.Nf3 Nc6 3.Bb5 e6 4.O-O Nge7 5.Nc3 a6 6.Bxc6 Nxc6 7.d4 cxd4 8.Nxd4 d6
9.Re1 Bd7 10.Nxc6 bxc6 11.e5 d5 12.Qg4 h5 13.Qf3 c5 14.Bf4 g5 15.Bd2 Be7
16.Rad1 Bc6 17.b3 Qc7 18.Qe2 Bb7 19.a4 d4 20.Ne4 Qxe5 21.Qd3 Qd5 22.f3 g4
23.c4 Qc6 24.b4 gxf3 25.b5 axb5 26.axb5 Qc7 27.gxf3 Rg8+ 28.Kh1 O-O-O 29.Ra1 f5
30.Nf2 Bd6 31.Nh3 Qd7 32.Bf4 Rg4 33.Bxd6 Qxd6 34.Ra6 Bxa6 35.bxa6 Rg7 36.Ra1 Ra7
37.Qa3 d3 38.Ng5 d2  0-1

[Event "Copenhagen-ch"]
[Site "Copenhagen"]
[Date "1996.??.??"]
[Round "4"]
[White "Olesen, Martin"]
[Black "Jakobsen, Ole"]
[Result "1/2-1/2"]
[WhiteElo "2400"]
[BlackElo "2390"]

1.e4 c5 2.Nf3 Nc6 3.Bb5 g6 4.Bxc6 dxc6 5.h3 Bg7 6.d3 e5 7.Be3 b6 8.Nc3 h6
9.Qd2 Be6 10.O-O-O Ne7 11.h4 Nc8 12.h5 g5 13.Nh2 Nd6 14.g3 g4 15.Qe2 Qd7
16.f3 gxf3 17.Qxf3 Nb5 18.Nxb5 cxb5 19.Kb1 O-O-O 20.g4 f6 21.Rhg1 Qf7 22.b3 a5
23.Bc1 a4 24.Nf1 c4 25.dxc4 Rxd1 26.Qxd1 Rd8 27.Qe2 axb3 28.axb3 bxc4 29.Ne3 cxb3
30.Qa6+ Qb7 31.Qxb7+ Kxb7 32.Nf5 bxc2+ 33.Kxc2 Bf8 34.Be3 Bc4 35.Bxh6 Bxh6
36.Nxh6 Bd3+ 37.Kc3 Bxe4 38.Rf1 Rd3+ 39.Kb2 Bf3 40.Ng8 Bxg4 41.Nxf6 Bxh5  1/2-1/2

[Event "Politiken Cup"]
[Site "Copenhagen"]
[Date "1996.??.??"]
[Round "7"]
[White "Hansen, Gunnar West"]
[Black "Preuss, Flemming"]
[Result "1-0"]
[WhiteElo "2295"]
[BlackElo "2100"]

1.e4 c5 2.Nf3 Nc6 3.Bb5 e6 4.Bxc6 dxc6 5.O-O Nf6 6.Nc3 Be7 7.d3 b6 8.a4 Ba6
9.b3 e5 10.Nxe5 Qd4 11.Nxc6 Qxc3 12.Bd2 Qb2 13.Rb1 Qa3 14.Bc1 Qa2 15.Rb2 Qa1
16.Nxe7 Kxe7 17.e5  1-0

[Event "Politiken Cup"]
[Site "Copenhagen"]
[Date "1996.??.??"]
[Round "9"]
[White "Fernandez Siles, Luis"]
[Black "Henriksen, Bo"]
[Result "1-0"]
[WhiteElo "2270"]
[BlackElo "2080"]

1.e4 c5 2.Nf3 Nc6 3.Bb5 d6 4.O-O Nf6 5.Re1 Bd7 6.c3 e6 7.d4 cxd4 8.cxd4 d5
9.e5 Ng8 10.Nc3 Qb6 11.Qe2 Bb4 12.a3 Be7 13.Be3 Nh6 14.Rac1 Nf5 15.Bd3 Nxe3
16.Qxe3 O-O 17.Na4 Qd8 18.Nc5 Rb8 19.h4 Be8 20.Ng5 Bxg5 21.hxg5 g6 22.g4 h6
23.f4 hxg5 24.fxg5 Kg7 25.Kg2 Nxd4 26.Qxd4 Qxg5 27.Rf1 Bc6 28.Qf4 Qxf4 29.Rxf4 Rbc8
30.Rcf1 b6 31.Nb3 Bd7 32.Nd4 Rc7 33.Rf6 Rcc8 34.Kg3 Ra8 35.Kh4 a6 36.Kg5 b5
37.Bxg6  1-0

[Event "CZE-chT 9596"]
[Site "?"]
[Date "1996.??.??"]
[Round "5"]
[White "Velicka, Petr"]
[Black "Nun, Jiri"]
[Result "1-0"]
[WhiteElo "2420"]
[BlackElo "2400"]

1.e4 c5 2.Nf3 Nc6 3.Bb5 e6 4.O-O Nge7 5.b3 Ng6 6.Bb2 Qc7 7.Re1 f6 8.d4 cxd4
9.Nxd4 Nxd4 10.Bxd4 Be7 11.a4 O-O 12.Na3 d6 13.Bf1 e5 14.Nb5 Qb8 15.Be3 Be6
16.c4 b6 17.Be2 Rd8 18.Bg4 Bf7 19.Re2 Nf8 20.Rea2 Qb7 21.Nc3 Ne6 22.Nd5 Bf8
23.a5 bxa5 24.Rxa5 Nc5 25.b4 Nxe4 26.Bf5 Ng5 27.Rxa7 Rxa7 28.Rxa7 Qc6 29.Bxg5 Qxc4
30.Rxf7  1-0

[Event "CZE-chT 9596"]
[Site "?"]
[Date "1996.??.??"]
[Round "8"]
[White "Velicka, Petr"]
[Black "Pisk, Petr"]
[Result "1/2-1/2"]
[WhiteElo "2420"]
[BlackElo "2295"]

1.e4 c5 2.Nf3 Nc6 3.Bb5 d6 4.Bxc6+ bxc6 5.O-O Bg4 6.h3 Bh5 7.c3 Nf6 8.Re1 e6
9.d3 Be7 10.Nbd2 O-O 11.Qa4 Qc7 12.e5 Nd5 13.exd6 Bxd6 14.Qh4 Nf4 15.Ne4 Bxf3
16.Bxf4 Bxf4 17.gxf3 Rad8 18.Nxc5 e5 19.d4 exd4 20.Re7 Qd6 21.Ne4 Qg6+ 22.Kh1 Qf5
23.Rg1 Bd6 24.Rxa7 Qxf3+ 25.Rg2 Qd1+  1/2-1/2

[Event "CZE-chT 9596"]
[Site "?"]
[Date "1996.??.??"]
[Round "10"]
[White "Rasik, Vitezslav"]
[Black "Salai, Ladislav"]
[Result "0-1"]
[WhiteElo "2430"]
[BlackElo "2430"]

1.e4 c5 2.Nf3 Nc6 3.Bb5 g6 4.O-O Bg7 5.c3 Nf6 6.Re1 O-O 7.d4 d5 8.e5 Ne4
9.h3 Qb6 10.Na3 cxd4 11.cxd4 h6 12.Be3 Be6 13.Qb3 a6 14.Bc4 Qxb3 15.Bxb3 Rfc8
16.Rad1 b5 17.Nh2 Na5 18.Re2 Nc4 19.Nxc4 bxc4 20.Bc2 Rd8 21.Nf1 Ng5 22.Ng3 Rab8
23.f4 Nh7 24.f5 gxf5 25.Bxf5 Rb6 26.Rf1 Rdb8 27.Bc1 Bxf5 28.Nxf5 Bf8 29.Ref2 R8b7
30.h4 Rg6 31.Kh2 e6 32.Ne3 h5 33.g3 f5 34.exf6 Rf7 35.g4 hxg4 36.Kg2 Bh6
37.h5 Rgxf6 38.Rxf6 Nxf6 39.Nxd5 Nxd5 40.Bxh6 Rxf1 41.Kxf1 Nf6 42.Kf2 Nxh5
43.Ke3 Kf7 44.Ke4 Ng3+ 45.Ke5 Nf5 46.Bd2 g3 47.Be1 g2 48.Bf2 Ne7 49.Kd6 Nd5
50.Kc5 c3 51.bxc3 Nxc3 52.Bg1 Ke7 53.a3 Ne2 54.Bh2 g1=Q 55.Bxg1 Nxg1 56.d5 exd5
57.Kxd5 Kd7  0-1

[Event "CZE-chT 9596"]
[Site "?"]
[Date "1996.??.??"]
[Round "11"]
[White "Nun, Jiri"]
[Black "Suran, Jan"]
[Result "1-0"]
[WhiteElo "2400"]
[BlackElo "2300"]

1.e4 c5 2.Nf3 Nc6 3.Bb5 g6 4.O-O Bg7 5.c3 Nf6 6.Re1 O-O 7.h3 d6 8.d3 Bd7
9.a4 Na5 10.Bxd7 Nxd7 11.Be3 Nc6 12.d4 Rc8 13.d5 Nce5 14.Nxe5 Nxe5 15.Na3 a6
16.f4 Nd7 17.Nc4 f5 18.exf5 Rxf5 19.g4 Rf7 20.a5 Qc7 21.Qd3 Rcf8 22.Bd2 g5
23.f5 Bf6 24.Re6 h5 25.gxh5 Rh7 26.Qf3 Rff7 27.Qg4 Nf8 28.Re2 Rh6 29.h4 Rg7
30.Rg2 Nh7 31.Qe2 Qc8 32.Rf1 Kh8 33.Rff2 Rg8 34.Kf1 Qe8 35.hxg5 Nxg5 36.Nxd6 Qxh5
37.Qxh5 Rxh5 38.Bxg5 Bxg5 39.Nf7+ Kh7 40.Rh2 Bh4 41.Rf4 Kg7 42.Ne5 Bg5 43.Rxh5 Bxf4
44.Nd3 Bd6 45.Rg5+ Kf7 46.Rxg8 Kxg8 47.Nf2 c4 48.Ne4 Bf4 49.Ke2 Bc1 50.Kd1 Bxb2
51.Kd2 Kf7 52.Ke3 Ke8 53.Kd4 Kd7 54.Kxc4 Bc1 55.Kb4 Kc7 56.c4 Be3 57.c5 Bf4
58.Kc4 Bh2 59.d6+ exd6 60.Nxd6 Kc6 61.Nc8 Be5 62.Ne7+ Kd7 63.Ng6 Bb2 64.Nf4 Be5
65.Nd5 Bb2 66.Nc3 Bc1 67.Ne4 Kc6 68.f6 Bh6 69.Nd6 Bf8 70.f7 Be7 71.Nf5 Bf8
72.Nd4+ Kd7 73.Kd5 Bh6 74.Ne6  1-0

[Event "CZE-chT2c 9596"]
[Site "CZE"]
[Date "1996.??.??"]
[Round "2"]
[White "Sosna, Jan"]
[Black "Holemar, David"]
[Result "1/2-1/2"]
[WhiteElo "2310"]
[BlackElo "2110"]

1.e4 c5 2.Nf3 Nc6 3.Bb5 g6 4.O-O Bg7 5.c3 Nf6 6.e5 Nd5 7.d4 cxd4 8.cxd4 O-O
9.Nc3 Nc7 10.a4 d6 11.Bg5 Bg4 12.Re1 Ne6 13.exd6 Nxg5 14.Bxc6 exd6 15.Bd5 Qf6
16.Re3 Bxf3 17.Bxf3 Nxf3+ 18.Rxf3 Qxd4 19.Rd3 Qb4 20.Nd5 Qxb2 21.Rb1 Qe5
22.f4 Qh5 23.Qxh5 gxh5 24.Rxb7 Rfb8 25.Rdb3 Bd4+ 26.Kf1 Rxb7 27.Rxb7 Kf8
28.Ke2 Re8+ 29.Kd3 Bg1 30.Nf6 Re3+ 31.Kd2 Kg7 32.Nxh5+ Kg6 33.g4 Ra3 34.h4 Ra2+
35.Kd3 Rxa4 36.f5+ Kh6 37.Rxf7 Rxg4 38.Rxh7+ Kxh7 39.Nf6+ Kg7 40.Nxg4 Bb6
41.Kc4 a5 42.Kb5 Bd8 43.h5 Kh7 44.h6  1/2-1/2